000 00911cam a2200301 4500
001 5643
003 BD-RjUL
005 20211208234113.0
008 140106r19711970enka bs 001 0 eng d
020 _a0140802320
035 _a(BD-RjUL)5682
040 _aDLC
_cDLC
_dDLC
_d(BD-RjUL)
_beng
041 _aeng
082 0 0 _a332.46
_bBAC
100 1 _aBain, A. D.
_q(Andrew David)
_914379
245 1 4 _aThe control of the money supply /
_c[by] A. D. Bain.
260 _a[Harmondsworth, Eng.]
_bPenguin Books
_c[1970 [Reprent 1971]
300 _a175 p. :
_billus. ;
_c18 cm.
350 _a$1.95 (U.S.)
490 0 _aPenguin education
490 0 _aPenguin modern economics texts
504 _aIncludes Bibliography and Index
650 0 _aMonetary policy
_zGreat Britain.
_911772
650 0 _aMonetary policy
_zUnited States.
_917694
942 _2ddc
_cBK
999 _c5643
_d5643